[Event "European Youth Chess Championship B14"]
[Site "Prague, Top Hotel Prague"]
[Date "2016.08.24"]
[Round "6.56"]
[White "Mahmutbegovic, Muharem"]
[Black "Pravda, Krystof"]
[Result "0-1"]
[WhiteElo "1966"]
[BlackElo "1682"]
[PlyCount "32"]
[EventDate "2016.08.18"]

1. e4 e5 2. Nf3 Nc6 3. d4 exd4 4. Nxd4 Nf6 5. Nxc6 bxc6 6. e5 Nd5 7. c4 Nb6 8.
Bd3 d5 9. exd6 Bxd6 10. O-O O-O 11. c5 Bxc5 12. Bxh7+ Kxh7 13. Qh5+ Kg8 14.
Qxc5 Re8 15. Nc3 Ba6 16. Rd1 Qxd1+ 0-1

[Event "European Youth Chess Championship B14"]
[Site "Prague, Top Hotel Prague"]
[Date "2016.08.24"]
[Round "6.57"]
[White "Kirilov, Ivaylo"]
[Black "Maziukas, Kasparas"]
[Result "1-0"]
[WhiteElo "1911"]
[BlackElo "1596"]
[PlyCount "177"]
[EventDate "2016.08.18"]

1. e4 c6 2. d4 d5 3. Nc3 dxe4 4. Nxe4 Bf5 5. Ng3 Bg6 6. Nh3 Nf6 7. Nf4 e5 8.
Nxg6 hxg6 9. dxe5 Qa5+ 10. Bd2 Qxe5+ 11. Qe2 Bd6 12. O-O-O Nbd7 13. Qxe5+ Nxe5
14. Bc3 O-O-O 15. Rxd6 Rxd6 16. Bxe5 Re6 17. Bxf6 Rxf6 18. f3 Rd6 19. Bc4 f5
20. h3 b5 21. Bd3 Re8 22. h4 Rh8 23. Ne2 Kd7 24. Nf4 Ke7 25. Re1+ Kf6 26. g3
Rhd8 27. b3 Rh8 28. Nh3 a6 29. f4 c5 30. Ng5 Rc8 31. Bf1 c4 32. Rd1 Rxd1+ 33.
Kxd1 cxb3 34. axb3 Rd8+ 35. Bd3 Ke7 36. Nf3 Rd6 37. Ne5 Ke6 38. Nxg6 Kd5 39.
Ne7+ Kc5 40. Nxf5 Rd7 41. Kc1 g6 42. Ne3 Kd4 43. Nd1 Rd6 44. Kd2 b4 45. Nb2 a5
46. Nc4 Ra6 47. Ne5 Ra8 48. Nxg6 a4 49. bxa4 Rxa4 50. Ne5 Ra2 51. Nf3+ Kd5 52.
h5 b3 53. Kc1 bxc2 54. Bxc2 Ra3 55. h6 Rxf3 56. h7 Rf1+ 57. Kd2 Rh1 58. Ke3 Ke6
59. Kf3 Kf6 60. Kg2 Rh6 61. Be4 Kg7 62. g4 Rf6 63. Kf3 Rf8 64. g5 Kh8 65. Kg4
Rf7 66. f5 Rg7 67. Kf4 Rf7 68. g6 Re7 69. Bf3 Rd7 70. Kg5 Rd4 71. Kf6 Rd6+ 72.
Ke7 Rb6 73. Bd5 Ra6 74. Be6 Ra7+ 75. Kf6 Rg7 76. Kg5 Rc7 77. Bd5 Rc5 78. Kh6
Rc7 79. Kg5 Rc5 80. Be6 Rc7 81. Kf4 Rc5 82. Ke4 Ra5 83. Bd5 Rc5 84. Ke5 Rc7 85.
f6 Rd7 86. f7 Rd8 87. Kf6 Rf8 88. g7+ Kxh7 89. g8=Q+ 1-0

[Event "European Youth Chess Championship B14"]
[Site "Prague, Top Hotel Prague"]
[Date "2016.08.24"]
[Round "6.58"]
[White "Ocko, Dominik"]
[Black "Van, Malder Dries"]
[Result "1/2-1/2"]
[WhiteElo "1784"]
[BlackElo "1883"]
[PlyCount "107"]
[EventDate "2016.08.18"]

1. e4 c5 2. Nf3 Nc6 3. d4 cxd4 4. Nxd4 Nf6 5. Nc3 d6 6. Bg5 Qb6 7. Nb3 e6 8.
Bxf6 gxf6 9. Qh5 Bd7 10. Bd3 Be7 11. O-O O-O-O 12. Kh1 Rdg8 13. f4 Rg7 14. a4
Rhg8 15. g3 Nb4 16. a5 Qd8 17. Bb5 Kb8 18. Bxd7 Qxd7 19. Nd4 Rd8 20. Rfe1 Qc7
21. Qb5 Qc5 22. Ra4 Qxb5 23. Ndxb5 d5 24. exd5 Nxd5 25. Rc4 a6 26. Nd4 Nxc3 27.
bxc3 Rd7 28. Rb1 Rg8 29. Nc6+ Ka8 30. Nxe7 Rxe7 31. Rb6 Rd8 32. Rd4 Rxd4 33.
cxd4 Rc7 34. f5 Rc6 35. Rxc6 bxc6 36. Kg2 c5 37. fxe6 fxe6 38. dxc5 Kb7 39. Kf3
Kc6 40. Ke4 Kxc5 41. Kd3 Kb5 42. Kd4 e5+ 43. Kd5 Kxa5 44. c4 Kb6 45. Kd6 Kb7
46. Kd7 Kb6 47. Kd6 e4 48. c5+ Kb5 49. c6 e3 50. c7 e2 51. c8=Q e1=Q 52. Qc6+
Ka5 53. Qc5+ Ka4 54. Qc6+ 1/2-1/2

[Event "European Youth Chess Championship B14"]
[Site "Prague, Top Hotel Prague"]
[Date "2016.08.24"]
[Round "6.59"]
[White "Nemec, David"]
[Black "Popvasilev, Kaloyan"]
[Result "0-1"]
[WhiteElo "1721"]
[BlackElo "1860"]
[PlyCount "86"]
[EventDate "2016.08.18"]

 1. c4 e5 2. Nc3 Bb4 3. g3 Bxc3 4. bxc3 d6 5.
Bg2 Ne7 6. d4 O-O 7. e3 Nd7 8. Ne2 Rb8 9. O-O b6 10. e4 Bb7 11. f4 f5 12. Qc2
g6 13. Ba3 Bxe4 14. Bxe4 fxe4 15. Qxe4 Nf6 16. Qg2 Nf5 17. Qc6 e4 18. Bc1 h5
19. h3 Qe7 20. Bd2 Rfe8 21. Rae1 e3 22. Bc1 Ne4 23. Rf3 Nd2 24. Rff1 Nxf1 25.
Rxf1 Qe4 26. Qxe4 Rxe4 27. Kg2 b5 28. cxb5 Rxb5 29. Kf3 Re7 30. g4 hxg4+ 31.
hxg4 Ng7 32. Bxe3 d5 33. Ng3 Rf7 34. Rf2 Rb6 35. Bc1 Ne6 36. Be3 Nxf4 37. Bxf4
Rbf6 38. Ne2 g5 39. Rf1 gxf4 40. Rb1 Re6 41. Rb8+ Kg7 42. g5 Re3+ 43. Kf2 Rd3
0-1

[Event "European Youth Chess Championship B14"]
[Site "Prague, Top Hotel Prague"]
[Date "2016.08.24"]
[Round "6.62"]
[White "Kopec, Ladislav"]
[Black "Nehyba, Martin"]
[Result "0-1"]
[WhiteElo "1697"]
[BlackElo "1824"]
[PlyCount "54"]
[EventDate "2016.08.18"]

1. d4 d5 2. c4 c6 3. Nc3 e5 4. e3 e4 5. cxd5 cxd5 6. Nge2 Nc6 7. a3 Nf6 8. b4
Bd6 9. Qb3 O-O 10. Bd2 Be6 11. Nc1 Rc8 12. Be2 Bb8 13. a4 Ne8 14. h4 f5 15.
N3a2 f4 16. Bd1 Qf6 17. b5 fxe3 18. Bxe3 Nxd4 19. Qb4 Be5 20. Rb1 Nc2+ 21. Bxc2
Rxc2 22. Rf1 d4 23. Bg5 Qf7 24. Be7 Rxf2 25. Bxf8 Rxf1+ 26. Kd2 Qf2+ 27. Ne2
Bf4+ 0-1

[Event "European Youth Chess Championship B14"]
[Site "Prague, Top Hotel Prague"]
[Date "2016.08.24"]
[Round "6.63"]
[White "Lavorgna, Francesco"]
[Black "Djian, Lenny"]
[Result "1/2-1/2"]
[WhiteElo "1887"]
[BlackElo "1503"]
[PlyCount "51"]
[EventDate "2016.08.18"]

 1. c4 Nf6 2. Nf3 c6 3. g3 d5 4. b3 Bf5 5.
Bb2 e6 6. Bg2 h6 7. O-O Be7 8. d3 Nbd7 9. Nbd2 O-O 10. Qc2 Rc8 11. e4 Bh7 12.
e5 Ne8 13. Rad1 Nc7 14. a3 a5 15. Qc3 Na6 16. d4 b6 17. Qe3 Nc7 18. Rc1 c5 19.
Rfd1 Qe8 20. Bf1 Nb8 21. Bd3 Bxd3 22. Qxd3 Qd7 23. dxc5 Bxc5 24. Qc3 Qe7 25.
Ra1 Nba6 26. Qd3 1/2-1/2

[Event "European Youth Chess Championship B14"]
[Site "Prague, Top Hotel Prague"]
[Date "2016.08.24"]
[Round "6.65"]
[White "Mavrev, David"]
[Black "Marko, Pirro"]
[Result "1-0"]
[WhiteElo "1854"]
[BlackElo "1441"]
[PlyCount "73"]
[EventDate "2016.08.18"]

1. e4 c5 2. d4 cxd4 3. c3 dxc3 4. Nxc3 Nc6 5. Nf3 e5 6. Bc4 h6 7. Be3 Nf6 8. a3
Be7 9. O-O O-O 10. Qe2 d6 11. Rfd1 Bg4 12. Kh1 Qd7 13. Qd2 Rfd8 14. Rac1 Nh7
15. Bxh6 gxh6 16. Qxh6 Be6 17. Nd5 Bf8 18. Qh4 Bxd5 19. Bxd5 Bg7 20. Qg3 Ne7
21. Ba2 Ng6 22. Qxg6 Qe7 23. h4 Qf6 24. Qxf6 Nxf6 25. Ng5 Bh6 26. Nxf7 Bxc1 27.
Nxd8+ Kh7 28. Rxc1 Rxd8 29. f3 Rd7 30. Be6 Re7 31. Bf5+ Kg7 32. Rd1 Ne8 33. g4
Rc7 34. Rd2 Rf7 35. g5 Rf8 36. Kg2 Rf7 37. h5 1-0

[Event "European Youth Chess Championship B14"]
[Site "Prague, Top Hotel Prague"]
[Date "2016.08.24"]
[Round "6.66"]
[White "Kriz, Tomas"]
[Black "Vorisek, Jakub"]
[Result "1/2-1/2"]
[WhiteElo "1404"]
[BlackElo "1813"]
[PlyCount "80"]
[EventDate "2016.08.18"]

1. e4 e5 2. Nf3 Nc6 3. d4 exd4 4. Nxd4 Bc5 5. Nb3 Bb6 6. Nc3 d6 7. Bd3 Nge7 8.
O-O O-O 9. Re1 f5 10. exf5 Nxf5 11. Bxf5 Bxf5 12. Be3 Bxe3 13. Rxe3 Qf6 14. Qd2
Ne5 15. f3 c6 16. Ne4 Bxe4 17. Rxe4 d5 18. Re2 Rae8 19. Rae1 Nc4 20. Qb4 Rxe2
21. Rxe2 b6 22. Qe7 Qf7 23. Qxf7+ Kxf7 24. c3 c5 25. Nc1 Kf6 26. b3 Nd6 27. Nd3
Re8 28. Rxe8 Nxe8 29. Kf2 Nd6 30. a4 g5 31. a5 Nb5 32. axb6 axb6 33. c4 Nc7 34.
Ke2 d4 35. b4 Ne6 36. bxc5 bxc5 37. g3 Ke7 38. h4 gxh4 39. gxh4 Kd6 40. f4 Ng7
1/2-1/2

[Event "European Youth Chess Championship B14"]
[Site "Prague, Top Hotel Prague"]
[Date "2016.08.24"]
[Round "6.67"]
[White "Berera, Siddharth"]
[Black "Winkin, Pol"]
[Result "1-0"]
[WhiteElo "1676"]
[BlackElo "1391"]
[PlyCount "99"]
[EventDate "2016.08.18"]

1. e4 e5 2. Nf3 Nc6 3. Bc4 Bc5 4. c3 Nf6 5. d3 d6 6. Bb3 Bb6 7. Nbd2 Ne7 8. Nf1
Ng6 9. Ng3 O-O 10. O-O h6 11. h3 Qe8 12. Re1 Be6 13. Bc2 c6 14. d4 exd4 15.
cxd4 Bc4 16. b3 Ba6 17. Ba3 Ba5 18. b4 Bc7 19. e5 dxe5 20. Bxg6 fxg6 21. b5
Bxb5 22. Bxf8 Qxf8 23. dxe5 Ba5 24. exf6 Bxe1 25. Qxe1 Qxf6 26. Qe5 Rd8 27.
Qxf6 gxf6 28. Ne4 Kf7 29. a4 Be2 30. a5 f5 31. Nc5 b5 32. Ne5+ Kf6 33. Re1 Rd1
34. Rxd1 Bxd1 35. Nxc6 Bc2 36. Kf1 Be4 37. Nxe4+ fxe4 38. Nxa7 b4 39. Nb5 Ke7
40. a6 b3 41. a7 b2 42. Nc3 Kd7 43. a8=Q Ke7 44. Qxe4+ Kf7 45. Nd5 b1=Q+ 46.
Qxb1 Kg7 47. Qb7+ Kg8 48. Qe7 g5 49. Nf6+ Kh8 50. Qf8# 1-0

[Event "European Youth Chess Championship B14"]
[Site "Prague, Top Hotel Prague"]
[Date "2016.08.24"]
[Round "6.68"]
[White "Manca, Luigi"]
[Black "Antonioudakis, Dimitrios"]
[Result "1/2-1/2"]
[WhiteElo "1608"]
[BlackElo "1187"]
[PlyCount "56"]
[EventDate "2016.08.18"]

1. d4 Nf6 2. Nf3 e6 3. Bg5 Be7 4. e3 d5 5. Bd3 Nbd7 6. Nbd2 b6 7. c3 Bb7 8. Qc2
Rc8 9. Qa4 a5 10. Ne5 O-O 11. f4 Nxe5 12. fxe5 Ne8 13. Bxe7 Qxe7 14. O-O Qg5
15. Rf3 f5 16. Qd7 Qg6 17. Rg3 Qf7 18. Qxf7+ Rxf7 19. Rf1 Rd8 20. Be2 Kh8 21.
Rf4 Rdd7 22. Rh4 g6 23. Rxg6 Rde7 24. Rhh6 Bc8 25. Rg3 c6 26. b4 a4 27. Rf3 b5
28. Rf1 Rg7 1/2-1/2

[Event "European Youth Chess Championship B14"]
[Site "Prague, Top Hotel Prague"]
[Date "2016.08.24"]
[Round "6.70"]
[White "Gatt, Matthias"]
[Black "Petrovic, Lazar"]
[Result "0-1"]
[WhiteElo "1475"]
[BlackElo "1650"]
[PlyCount "106"]
[EventDate "2016.08.18"]

1. d4 d5 2. c4 e6 3. Nc3 Nf6 4. Bf4 Bd6 5. Bxd6 Qxd6 6. e3 O-O 7. Nf3 b6 8. Be2
Bb7 9. O-O Qe7 10. a3 dxc4 11. Bxc4 Nbd7 12. Bd3 c5 13. dxc5 Nxc5 14. Bc2 Rfd8
15. Qe2 Ba6 16. Nb5 Qe8 17. a4 Bxb5 18. axb5 Rd7 19. Rfd1 Rad8 20. Rxd7 Qxd7
21. Qd1 Qxd1+ 22. Rxd1 Rxd1+ 23. Bxd1 Nd3 24. b3 Ne4 25. Nd4 Nb4 26. Be2 Kf8
27. Bc4 Nd2 28. f4 Nxc4 29. bxc4 Ke7 30. Kf1 Kd6 31. Nb3 Nd3 32. Ke2 Nb2 33.
Kd2 Nxc4+ 34. Kd3 Na3 35. Kc3 Nxb5+ 36. Kb4 a6 37. e4 e5 38. f5 g6 39. g4 gxf5
40. gxf5 Nd4 41. Nd2 a5+ 42. Kc4 b5+ 43. Kc3 Kc5 44. Nb1 b4+ 45. Kd3 a4 46. h4
a3 47. Nxa3 bxa3 48. Kc3 Nb5+ 49. Kb3 Kd4 50. h5 Kxe4 51. f6 Kf5 52. h6 Kxf6
53. Ka2 e4 0-1

[Event "European Youth Chess Championship B14"]
[Site "Prague, Top Hotel Prague"]
[Date "2016.08.25"]
[Round "7.1"]
[White "Zarubitski, Viachaslau"]
[Black "Engel, Luis"]
[Result "1/2-1/2"]
[WhiteElo "2300"]
[BlackElo "2383"]
[PlyCount "165"]
[EventDate "2016.08.18"]

1. e4 c5 2. Nf3 d6 3. d4 cxd4 4. Nxd4 Nf6 5. Nc3 Nbd7 6. g3 g6 7. Bg2 Bg7 8.
O-O O-O 9. Re1 a6 10. a4 Rb8 11. a5 Ne5 12. Nd5 Nc6 13. Nb3 Nd7 14. c3 b6 15.
axb6 Nxb6 16. Bf1 Ne5 17. Nd4 Bb7 18. Nb4 Ra8 19. f4 a5 20. Nd5 Nc6 21. Nxc6
Bxc6 22. Be3 Nd7 23. Bd4 Bxd4+ 24. Qxd4 Nc5 25. Rad1 Ba4 26. Ra1 Bc6 27. Bc4 a4
28. Nb4 Bb7 29. e5 Qc7 30. exd6 exd6 31. Rad1 Rae8 32. Bd5 Nb3 33. Qf2 Bxd5 34.
Nxd5 Rxe1+ 35. Qxe1 Qc5+ 36. Kg2 Na5 37. Qe7 Nc4 38. Nf6+ Kg7 39. Qxf8+ Kxf6
40. Qh8+ Kf5 41. Kh3 Nxb2 42. g4+ Ke6 43. Re1+ Kd5 44. Qa8+ Kc4 45. Qa6+ Kb3
46. Qb7+ Ka2 47. Qxf7+ d5 48. Re5 Nd3 49. Rxd5 Nxf4+ 50. Qxf4 Qxd5 51. Qxa4+
Kb2 52. Qd4 Qe6 53. c4+ Kc2 54. Kg3 h5 55. c5 hxg4 56. Qxg4 Qe3+ 57. Kg2 Qxc5
58. Qxg6+ Kc3 59. Qf6+ Qd4 60. Qf3+ Kc4 61. Kh3 Kc5 62. Qf8+ Qd6 63. Qc8+ Kd4
64. Qh8+ Qe5 65. Qh4+ Kd5 66. Qg3 Qh5+ 67. Kg2 Qe2+ 68. Kg1 Ke6 69. h4 Qd1+ 70.
Kg2 Qe2+ 71. Kg1 Qd1+ 72. Kf2 Qd2+ 73. Kf3 Qd3+ 74. Kg2 Qxg3+ 75. Kxg3 Kf5 76.
Kf3 Kg6 77. Kg4 Kh6 78. h5 Kh7 79. Kg5 Kg7 80. h6+ Kh7 81. Kh5 Kg8 82. Kg6 Kh8
83. h7 1/2-1/2

[Event "European Youth Chess Championship B14"]
[Site "Prague, Top Hotel Prague"]
[Date "2016.08.25"]
[Round "7.2"]
[White "Pultorak, Jan"]
[Black "Keinanen, Toivo"]
[Result "1/2-1/2"]
[WhiteElo "2296"]
[BlackElo "2337"]
[PlyCount "114"]
[EventDate "2016.08.18"]

1. d4 d5 2. c4 e6 3. Nc3 Be7 4. cxd5 exd5 5. Bf4 c6 6. e3 Bf5 7. g4 Be6 8. h4
Nd7 9. h5 Nh6 10. Be2 f5 11. Bxh6 gxh6 12. gxf5 Bxf5 13. Bd3 Bxd3 14. Qxd3 Nf6
15. Nf3 Bb4 16. Ne5 Qe7 17. O-O-O O-O-O 18. Kb1 Kb8 19. Rc1 Ka8 20. f3 Rhg8 21.
Qc2 Rg3 22. Nb5 Kb8 23. Qh2 Rdg8 24. Ng6 hxg6 25. Qxg3+ Kc8 26. hxg6 a6 27. Nc3
Qxe3 28. Qe5 Qd3+ 29. Ka1 Qxg6 30. Rhg1 Qxg1 31. Rxg1 Rxg1+ 32. Nb1 Nd7 33.
Qe8+ Kc7 34. Qh5 Rd1 35. Qg4 Bd6 36. a3 h5 37. Qxh5 Rxd4 38. Ka2 Be5 39. Qg5
Rc4 40. Nc3 b5 41. Qf5 a5 42. Ne2 a4 43. f4 Bf6 44. Nc3 Rd4 45. Qc2 Rc4 46. Qf5
b4 47. Nxa4 bxa3 48. b3 Re4 49. Kxa3 Be7+ 50. Kb2 Bd6 51. Qh5 Rxf4 52. Qe8 Be5+
53. Kc2 Rf2+ 54. Kb1 Rf1+ 55. Kc2 Rf2+ 56. Kb1 Rf8 57. Qe6 Rf1+ 1/2-1/2

[Event "European Youth Chess Championship B14"]
[Site "Prague, Top Hotel Prague"]
[Date "2016.08.25"]
[Round "7.3"]
[White "Gavrilescu, David"]
[Black "Shubin, Kirill"]
[Result "0-1"]
[WhiteElo "2285"]
[BlackElo "2298"]
[PlyCount "106"]
[EventDate "2016.08.18"]

1. d4 e6 2. Nf3 Nf6 3. c4 c5 4. d5 d6 5. Nc3 exd5 6. cxd5 a6 7. a4 g6 8. Nd2
Bg7 9. e4 Nbd7 10. Be2 O-O 11. O-O Ne8 12. Nc4 Ne5 13. Ne3 Rb8 14. a5 f5 15. f4
Nf7 16. exf5 gxf5 17. Qc2 Nh6 18. Bd2 Bd4 19. Kh1 Nf6 20. Bd3 Nfg4 21. Nxg4
Nxg4 22. h3 Nf2+ 23. Kh2 Nxd3 24. Qxd3 Bd7 25. b4 Qf6 26. bxc5 dxc5 27. Rab1
Rfe8 28. Rf3 b5 29. Rg3+ Kf7 30. Ne2 Bf2 31. Rg5 h6 32. Bc3 Re3 33. Qxe3 Bxe3
34. Bxf6 Kxf6 35. Rg3 Re8 36. Rf3 b4 37. Ng3 Bd4 38. Rd3 Be3 39. Nf1 Bxf4+ 40.
g3 Re2+ 41. Kh1 Bd6 42. Rc1 Bb5 43. Re3 Rxe3 44. Nxe3 b3 45. Nd1 Be2 46. Nc3
Bd3 47. Na4 c4 48. Nb2 Ba3 49. Rxc4 Bxb2 50. Rb4 Be4+ 51. Kh2 Bxd5 52. Rb6+ Ke5
53. Rxa6 Bd4 0-1

[Event "European Youth Chess Championship B14"]
[Site "Prague, Top Hotel Prague"]
[Date "2016.08.25"]
[Round "7.4"]
[White "Vrolijk, Liam"]
[Black "Lomasov, Semen"]
[Result "0-1"]
[WhiteElo "2221"]
[BlackElo "2383"]
[PlyCount "104"]
[EventDate "2016.08.18"]

1. d4 e6 2. c4 Bb4+ 3. Bd2 Bxd2+ 4. Qxd2 Nf6 5. Nf3 d6 6. g3 O-O 7. Bg2 Nc6 8.
Nc3 e5 9. O-O Bg4 10. d5 Nb8 11. Ne1 Qd7 12. e4 Bh3 13. f4 Bxg2 14. Qxg2 Ng4
15. Nc2 Na6 16. h3 Nh6 17. g4 f6 18. f5 g5 19. fxg6 hxg6 20. Rf3 Kg7 21. Raf1
Qe7 22. Ne3 Nc5 23. Qd2 a5 24. Rg3 Kh7 25. Rf2 Rg8 26. Rgg2 Raf8 27. Qc2 Kh8
28. a3 Rg7 29. h4 Rh7 30. Qe2 Nb3 31. Nc2 Nf7 32. Rh2 Kg7 33. Qe3 Rfh8 34. Ne2
a4 35. Ng3 Kg8 36. h5 Rg7 37. Qf3 Qd7 38. hxg6 Rxg6 39. Nh5 Rhh6 40. Kf1 Kf8
41. Ne3 Nd4 42. Qd1 b5 43. Nf5 Nxf5 44. Rxf5 Ke7 45. Rc2 bxc4 46. Qe2 Rh8 47.
Rxc4 Nh6 48. Qc2 Rc8 49. Rf3 c5 50. Qf2 Nxg4 51. Qh4 Qb5 52. Rfc3 Rh8 0-1

[Event "European Youth Chess Championship B14"]
[Site "Prague, Top Hotel Prague"]
[Date "2016.08.25"]
[Round "7.5"]
[White "Teclaf, Pawel"]
[Black "Esipenko, Andrey"]
[Result "0-1"]
[WhiteElo "2247"]
[BlackElo "2490"]
[PlyCount "76"]
[EventDate "2016.08.18"]

1. e4 e5 2. Nf3 Nc6 3. Bb5 a6 4. Ba4 Nf6 5. O-O Be7 6. Re1 b5 7. Bb3 d6 8. c3
O-O 9. h3 Bb7 10. d4 Nd7 11. Nbd2 exd4 12. cxd4 Bf6 13. Nf1 Na5 14. Bc2 Re8 15.
Ng3 g6 16. Bf4 c5 17. a4 cxd4 18. axb5 axb5 19. b4 d3 20. Rxa5 dxc2 21. Qxc2
Rxa5 22. bxa5 Qxa5 23. Bxd6 Ne5 24. Rb1 Nc4 25. Bb4 Qa8 26. Nd2 Rc8 27. Nxc4
Rxc4 28. Qd3 Be5 29. Be7 Bc6 30. Rd1 Rd4 31. Qe2 Rxd1+ 32. Qxd1 Bxg3 33. Bf6
Bf4 34. Bb2 Qf8 35. Qf3 Qb4 36. Qxf4 Qxb2 37. e5 Qb1+ 38. Kh2 Qe4 0-1

[Event "European Youth Chess Championship B14"]
[Site "Prague, Top Hotel Prague"]
[Date "2016.08.25"]
[Round "7.6"]
[White "Mnatsakanian, Arsen"]
[Black "Sargsyan, Shant"]
[Result "0-1"]
[WhiteElo "2195"]
[BlackElo "2441"]
[PlyCount "60"]
[EventDate "2016.08.18"]

1. d4 Nf6 2. g3 d5 3. Bg2 c6 4. Nf3 Bg4 5. c4 e6 6. Nc3 Nbd7 7. O-O Be7 8. Nd2
O-O 9. h3 Bh5 10. cxd5 cxd5 11. Qb3 Nb6 12. e4 Rc8 13. exd5 Nfxd5 14. Nde4 Qd7
15. Nxd5 Nxd5 16. Bd2 b6 17. Rac1 Bg6 18. Rxc8 Rxc8 19. Rc1 Rxc1+ 20. Bxc1 Nb4
21. Be3 Kf8 22. Nc3 Nc2 23. Qb5 Qc8 24. Qc6 Qxc6 25. Bxc6 Bf6 26. Ne2 Bd3 27.
Nc1 Bc4 28. b3 Ba6 29. d5 Nxe3 30. fxe3 Bb2 0-1

[Event "European Youth Chess Championship B14"]
[Site "Prague, Top Hotel Prague"]
[Date "2016.08.25"]
[Round "7.7"]
[White "Matviishen, Viktor"]
[Black "Globus, Or"]
[Result "1-0"]
[WhiteElo "2405"]
[BlackElo "2165"]
[PlyCount "61"]
[EventDate "2016.08.18"]

1. d4 Nf6 2. c4 g6 3. Nc3 Bg7 4. e4 d6 5. Bd3 O-O 6. Nge2 Nc6 7. O-O e5 8. d5
Nd4 9. Nxd4 exd4 10. Ne2 Re8 11. Ng3 c5 12. h3 Qc7 13. a4 h5 14. Re1 Nd7 15. f4
Nf6 16. Bd2 a5 17. Qf3 Bd7 18. Re2 h4 19. Nf1 Nh5 20. Rae1 Bxa4 21. e5 dxe5 22.
f5 Nf6 23. fxg6 fxg6 24. Bxg6 Rf8 25. Rxe5 Nh7 26. Bxh7+ Kxh7 27. Qe4+ Kg8 28.
Rh5 Rf7 29. Qh7+ Kf8 30. Bh6 Rf6 31. Qh8+ 1-0

[Event "European Youth Chess Championship B14"]
[Site "Prague, Top Hotel Prague"]
[Date "2016.08.25"]
[Round "7.8"]
[White "Petkov, Matey"]
[Black "Kozak, Adam"]
[Result "1/2-1/2"]
[WhiteElo "2072"]
[BlackElo "2376"]
[PlyCount "145"]
[EventDate "2016.08.18"]

1. d4 Nf6 2. Nf3 d5 3. c4 e6 4. g3 Bb4+ 5. Bd2 Bd6 6. Bg2 O-O 7. O-O Nbd7 8.
Qc2 c6 9. Bf4 Bxf4 10. gxf4 b6 11. cxd5 Nxd5 12. e3 Bb7 13. Rd1 Qe7 14. Nc3
Nxc3 15. bxc3 c5 16. Ne5 Bxg2 17. Kxg2 Nf6 18. c4 Rac8 19. Qe2 Nd7 20. Nxd7
Qxd7 21. a4 Qb7+ 22. d5 Rcd8 23. e4 exd5 24. exd5 Qd7 25. h3 Rfe8 26. Qd3 Qd6
27. Qf3 Qg6+ 28. Kh2 Qe4 29. Qxe4 Rxe4 30. Rdc1 Rxf4 31. Kg3 g5 32. a5 Rd6 33.
axb6 axb6 34. Ra7 Kg7 35. Rb7 h5 36. Rc3 Rdf6 37. Rc2 Rd4 38. Rc3 Rdf4 39. Rc2
Rd4 40. Rc3 Kg6 41. Rb8 Rdf4 42. Rg8+ Kf5 43. Re8 h4+ 44. Kg2 Kg6 45. Rc2 Rd4
46. Rc8 Kf5 47. Rc3 g4 48. Rc6 Rxc6 49. dxc6 Ke6 50. hxg4 Rxg4+ 51. Kh3 Rd4 52.
Rb3 Kd6 53. Rxb6 Rxc4 54. Rb7 Kxc6 55. Rxf7 Rd4 56. Rf8 c4 57. f4 Kd7 58. Rf7+
Kd6 59. Rf8 Ke7 60. Rf5 Ke6 61. Rf8 Kd5 62. Kxh4 c3 63. Kg5 c2 64. Rd8+ Ke4 65.
Rc8 Kd3 66. Rxc2 Kxc2 67. f5 Kd3 68. f6 Rd8 69. f7 Ke4 70. Kf6 Ra8 71. Kg7 Ke5
72. f8=Q Rxf8 73. Kxf8 1/2-1/2

[Event "European Youth Chess Championship B14"]
[Site "Prague, Top Hotel Prague"]
[Date "2016.08.25"]
[Round "7.9"]
[White "Salemgareev, Tagir"]
[Black "Guerra Rivera, Salvador"]
[Result "0-1"]
[WhiteElo "2293"]
[BlackElo "2285"]
[PlyCount "74"]
[EventDate "2016.08.18"]

1. d4 d6 2. Nf3 Nf6 3. c4 g6 4. Nc3 Bf5 5. g3 Ne4 6. Nxe4 Bxe4 7. Bg2 Bg7 8.
O-O O-O 9. b3 c5 10. Bb2 Nc6 11. e3 Qa5 12. Re1 Rfd8 13. Qe2 Bxf3 14. Qxf3 e6
15. Qd1 cxd4 16. Bxc6 bxc6 17. Bxd4 e5 18. Bb2 d5 19. Qe2 Rab8 20. Rec1 d4 21.
exd4 exd4 22. Qd3 c5 23. Rd1 Re8 24. Qf3 Re6 25. Kg2 Rbe8 26. Bc1 Re2 27. a3 d3
28. Rb1 Bd4 29. Rf1 d2 30. Bxd2 Qxd2 31. b4 Bxf2 32. Rxf2 Rxf2+ 33. Qxf2 Re2
34. Qxe2 Qxe2+ 35. Kh3 Qe6+ 36. g4 Qe3+ 37. Kh4 g5+ 0-1

[Event "European Youth Chess Championship B14"]
[Site "Prague, Top Hotel Prague"]
[Date "2016.08.25"]
[Round "7.10"]
[White "Yeritsyan, Aram"]
[Black "Sonis, Francesco"]
[Result "1/2-1/2"]
[WhiteElo "2091"]
[BlackElo "2427"]
[PlyCount "107"]
[EventDate "2016.08.18"]

1. e4 c5 2. Nf3 d6 3. d4 cxd4 4. Nxd4 Nf6 5. Nc3 a6 6. h3 e6 7. g4 Nfd7 8. Bg2
Nc6 9. Be3 Qc7 10. Qe2 Nce5 11. f4 Nc4 12. Bc1 Be7 13. g5 h6 14. h4 hxg5 15.
hxg5 Rxh1+ 16. Bxh1 g6 17. b3 Ncb6 18. Bb2 d5 19. e5 Ba3 20. Ncb5 axb5 21. Nxb5
Qc5 22. Nxa3 Rxa3 23. Bxa3 Qxa3 24. c3 Qc5 25. Rc1 Qa3 26. Rc2 Nc5 27. Qb5+
Nbd7 28. b4 Qa6 29. c4 Nd3+ 30. Kd2 Nxf4 31. Qxa6 bxa6 32. Ke3 Nh5 33. cxd5 Kd8
34. dxe6 fxe6 35. Kd4 Ng3 36. Bc6 Nf5+ 37. Ke4 Nb8 38. Rd2+ Kc7 39. Be8 Bb7+
40. Kf4 Ne7 41. Rd6 Bd5 42. a4 Nc8 43. Rxd5 exd5 44. Bxg6 Nc6 45. b5 N6e7 46.
Bf7 a5 47. g6 Nb6 48. g7 Nxa4 49. g8=Q Nxg8 50. Bxg8 Nb6 51. Ke3 a4 52. Kd4 a3
53. Kc3 Nc4 54. Kb3 1/2-1/2

[Event "European Youth Chess Championship B14"]
[Site "Prague, Top Hotel Prague"]
[Date "2016.08.25"]
[Round "7.11"]
[White "Oboladze, Luka"]
[Black "Baenziger, Fabian"]
[Result "0-1"]
[WhiteElo "2076"]
[BlackElo "2325"]
[PlyCount "48"]
[EventDate "2016.08.18"]

1. e4 c5 2. Nc3 Nc6 3. g3 g6 4. Bg2 Bg7 5. d3 e6 6. f4 d6 7. Nf3 Nge7 8. O-O
O-O 9. Be3 b6 10. Bf2 Ba6 11. a4 Qd7 12. Qd2 Rac8 13. Rfe1 Rfd8 14. g4 Nd4 15.
f5 exf5 16. exf5 Bb7 17. Ne4 Nxf3+ 18. Bxf3 gxf5 19. gxf5 Qxf5 20. Bg2 Qg6 21.
Re3 Nf5 22. Rf3 d5 23. Qg5 Nd4 24. Qxg6 Nxf3+ 0-1

[Event "European Youth Chess Championship B14"]
[Site "Prague, Top Hotel Prague"]
[Date "2016.08.25"]
[Round "7.12"]
[White "Henderson, De La Fuente Lance"]
[Black "Dolansky, Lukas"]
[Result "1-0"]
[WhiteElo "2306"]
[BlackElo "2067"]
[PlyCount "67"]
[EventDate "2016.08.18"]

1. e4 e5 2. Nf3 Nc6 3. Bb5 Bc5 4. O-O Nd4 5. b4 Bb6 6. Nxd4 Bxd4 7. c3 Bb6 8.
d4 c6 9. Ba4 d6 10. b5 Bd7 11. bxc6 Bxc6 12. Bxc6+ bxc6 13. Ba3 Ne7 14. dxe5
dxe5 15. Qa4 Qd3 16. Bxe7 Kxe7 17. Na3 Rhd8 18. Rac1 Qe2 19. Nc4 f6 20. Qb4+
Kf7 21. Nd6+ Kg6 22. Nf5 Rd2 23. Qe7 Rg8 24. Qe6 Bxf2+ 25. Kh1 Rgd8 26. Ne7+
Kh6 27. Nf5+ Kg6 28. Ne7+ Kh6 29. Nxc6 R8d3 30. Nxe5 Bd4 31. Ng4+ Kg6 32. Qe8+
Kg5 33. Rf5+ Kh4 34. Qh5# 1-0

[Event "European Youth Chess Championship B14"]
[Site "Prague, Top Hotel Prague"]
[Date "2016.08.25"]
[Round "7.13"]
[White "Suvorov, Alexander"]
[Black "Petriashvili, Nikoloz"]
[Result "1-0"]
[WhiteElo "2059"]
[BlackElo "2198"]
[PlyCount "77"]
[EventDate "2016.08.18"]

1. d4 Nf6 2. c4 c5 3. d5 g6 4. Nc3 Bg7 5. e4 O-O 6. Nf3 e6 7. Bd3 d6 8. h3 exd5
9. cxd5 Re8 10. O-O a6 11. a4 Nbd7 12. Bf4 Qe7 13. Qd2 Nh5 14. Bg5 f6 15. Be3
Bh8 16. g4 Ng7 17. Rae1 Rb8 18. Bf4 g5 19. Be3 h5 20. Kg2 Nf8 21. e5 hxg4 22.
hxg4 dxe5 23. Ne4 Bxg4 24. Nfxg5 Nh5 25. f3 Bf5 26. Rh1 Bg6 27. d6 Qd8 28. Nxc5
f5 29. Bc4+ Kg7 30. Nce6+ Nxe6 31. Nxe6+ Rxe6 32. Bxe6 f4 33. Bf2 e4 34. Bd4+
Kh7 35. Bxh8 exf3+ 36. Kxf3 Qxh8 37. Bg4 Qg8 38. Re7+ Bf7 39. Rxh5+ 1-0